Nomes masculinos mais usados em Portugal - Statistics

Estatísticas Gerais
  • Esse quiz foi jogado 1 094 vezes
  • A pontuação média é 8 de 19
Estatísticas das Respostas
Hint Resposta % Correto
12. João
97%
16. Pedro
79%
3. António
67%
14. Miguel
63%
8. Francisco
62%
2. Afonso
51%
17. Rodrigo
46%
19. Tomás
46%
11. Gonçalo
44%
5. Bernardo
42%
13. Martim
37%
9. Filipe
36%
15. Nuno
35%
10. Gabriel
33%
7. Duarte
31%
18. Santiago
29%
6. David
28%
1. Artur
15%
4. Benjamin
2%
Nenhum quiz correspondente encontrado
Distribuição das Pontuações
Porcentagem de Pessoas com Cada Pontuação
Percentil de Números Respondidos
Sua Pontuação Histórica
Você não jogou esse quiz